000 00742nam a2200241 i 4500
001 180731
003 ES-MaACL
005 20230906221156.0
008 120705s1971 sp |||| | spa d
080 _a291.13(023)
100 1 _aBruguera, Francisco.
_9150852
245 1 4 _aLos grandes mitos /
_cP. Hernández [seud.].
250 _a1ª ed.
260 _aBarcelona :
_bBruguera,
_c1971.
300 _a159 p. ;
_c11 cm.
490 1 _aEn 25000 palabras ;
_v1
594 _aP. Hernández, seudónimo de F. Bruguera; en catálogo de BNE.
594 _aEn cub.: Para el hombre que tiene prisa.
650 7 _aMitología.
_915092
830 0 _aEn 25000 palabras ;
_v1
_9191325
852 _aES-MaACL
_j2312-F-4
999 _c180731
_d180731